Review of the Method of Valuation of the SDR- Amendment to Rule O-1.

This paper seeks Executive Board approval of an amendment to Rule O-1 of the IMF's Rules and Regulations, which specifies the currency amounts in the SDR valuation basket In accordance with Decision No. 17247-(22/44), adopted May 11, 2022, on the method of valuation of the SDR and Decision No....

Full description

Bibliographic Details
Corporate Author: International Monetary Fund
Format: Journal
Language:English
Published: Washington, D.C. : International Monetary Fund, 2022.
Series:Policy Papers; Policy Paper ; No. 2022/038
Subjects:
Online Access:Full text available on IMF
LEADER 02270cas a2200289 a 4500
001 AALejournalIMF023033
008 230101c9999 xx r poo 0 0eng d
020 |c 5.00 USD 
020 |z 9798400219405 
022 |a 2663-3493 
040 |a BD-DhAAL  |c BD-DhAAL 
110 2 |a International Monetary Fund. 
245 1 0 |a Review of the Method of Valuation of the SDR- Amendment to Rule O-1. 
264 1 |a Washington, D.C. :  |b International Monetary Fund,  |c 2022. 
300 |a 1 online resource (4 pages) 
490 1 |a Policy Papers 
500 |a <strong>Off-Campus Access:</strong> No User ID or Password Required 
500 |a <strong>On-Campus Access:</strong> No User ID or Password Required 
506 |a Electronic access restricted to authorized BRAC University faculty, staff and students 
520 3 |a This paper seeks Executive Board approval of an amendment to Rule O-1 of the IMF's Rules and Regulations, which specifies the currency amounts in the SDR valuation basket In accordance with Decision No. 17247-(22/44), adopted May 11, 2022, on the method of valuation of the SDR and Decision No. 16033-(16/17), adopted July 20, 2016 on the guidelines for the calculation of currency amounts in the SDR valuation basket, the amounts of each currency included in the SDR valuation basket, effective August 1, 2022, have been determined. These currency amounts are calculated in accordance with long-standing principles of continuity and stability of the SDR value in terms of currencies. The calculations ensure that on the transition day (today), the value of the SDR in U.S. dollars is the same under the new and the prevailing SDR valuation baskets. Moreover, at the average exchange rates for the three-month period ending today (May 2 through July 29, 2022), the share of each currency in the value of the SDR corresponds to the weight approved by the IMF Executive Board on May 11, 2022. 
538 |a Mode of access: Internet 
650 7 |a Monetary Policy  |2 imf 
650 7 |a Monetary Systems  |2 imf 
650 7 |a Political Economy  |2 imf 
650 7 |a Standards  |2 imf 
830 0 |a Policy Papers; Policy Paper ;  |v No. 2022/038 
856 4 0 |z Full text available on IMF  |u https://elibrary.imf.org/openurl?genre=journal&issn=2663-3493&volume=2022&issue=038  |z IMF e-Library